|
|
|
|
| LEADER |
00000caa a2200000 c 4500 |
| 001 |
1636656633 |
| 003 |
DE-627 |
| 005 |
20250611081841.0 |
| 007 |
tu |
| 008 |
140225s2013 xx ||||| 00| ||ger c |
| 035 |
|
|
|a (DE-627)1636656633
|
| 035 |
|
|
|a (DE-576)401628191
|
| 035 |
|
|
|a (DE-599)BSZ401628191
|
| 040 |
|
|
|a DE-627
|b ger
|c DE-627
|e rakwb
|
| 041 |
|
|
|a ger
|
| 100 |
1 |
|
|a Bischoff, Ursula
|0 (DE-588)139034927
|0 (DE-627)607613432
|0 (DE-576)309976707
|4 aut
|
| 109 |
|
|
|a Bischoff, Ursula
|
| 245 |
1 |
0 |
|a Mehr Partizipation wagen
|b aus Projekten gegen Rechtsextremismus, Fremdenfeindlichkeit und Antisemitismus ziehen oft diejenigen Jugendlichen einen besonderen Nutzen, die sich bereits gesellschaftlich engagieren; das Ziel der "sozialen Integration" erreichen die Projekte nur dann, wenn weniger engagierte Mädchen und Jungen stärker beteiligt werden
|c Ursula Bischoff; Frank König; Eva Zimmermann
|
| 264 |
|
1 |
|c 2013
|
| 336 |
|
|
|a Text
|b txt
|2 rdacontent
|
| 337 |
|
|
|a ohne Hilfsmittel zu benutzen
|b n
|2 rdamedia
|
| 338 |
|
|
|a Band
|b nc
|2 rdacarrier
|
| 700 |
1 |
|
|a König, Frank
|4 aut
|
| 700 |
1 |
|
|a Zimmermann, Eva
|0 (DE-627)1234063018
|0 (DE-576)164063013
|4 aut
|
| 773 |
0 |
8 |
|i In
|a Deutsches Jugendinstitut
|t DJI-Impulse / Deutsche Ausgabe
|d München : DJI, 2011
|g 104(2013), 4, Seite 20-22
|w (DE-627)656959118
|w (DE-600)2606187-9
|w (DE-576)343329697
|x 2192-9335
|7 nnas
|
| 773 |
1 |
8 |
|g volume:104
|g year:2013
|g number:4
|g pages:20-22
|
| 935 |
|
|
|a rexa
|
| 951 |
|
|
|a AR
|
| ELC |
|
|
|b 1
|
| LOK |
|
|
|0 000 xxxxxcx a22 zn 4500
|
| LOK |
|
|
|0 001 3294240538
|
| LOK |
|
|
|0 003 DE-627
|
| LOK |
|
|
|0 004 1636656633
|
| LOK |
|
|
|0 005 20250217114537
|
| LOK |
|
|
|0 008 140225||||||||||||||||ger|||||||
|
| LOK |
|
|
|0 040
|a DE-21-110
|c DE-627
|d DE-21-110
|
| LOK |
|
|
|0 689
|a s
|a Präventionsprojekte
|
| LOK |
|
|
|0 689
|a s
|a Rechtsextremismus
|
| LOK |
|
|
|0 689
|a s
|a Fremdenfeindlichkeit
|
| LOK |
|
|
|0 689
|a s
|a Engagement
|
| LOK |
|
|
|0 689
|a s
|a Beteiligung
|
| LOK |
|
|
|0 852
|a DE-21-110
|
| LOK |
|
|
|0 852 1
|m p
|9 00
|
| LOK |
|
|
|0 938
|k p
|
| LOK |
|
|
|0 939
|a 25-02-14
|b l01
|
| ORI |
|
|
|a SA-MARC-krimdoka001.raw
|